Hry a aktivity pro zkoumání emocí : pro děti školního věku /

Hlavní autor: Rogers, Vanessa, 1963-
Další autoři: Pietrasová, Kateřina, 1969-
Jazyk: Čeština
Vydáno: Praha : Portál, 2015
Vydání: Vydání první
Témata:
Fyzický popis: 143 stran ; 21 cm
Knihy
Uloženo v:
LEADER 02210nam a2200589 i 4500
001 nkc20152721395
003 CZ PrNK
005 20151209144013.0
007 ta
008 150811s2015 xr e f 000 0 cze
015 |a cnb002721395 
020 |a 978-80-262-0920-1  |q (brožováno) 
035 |a (OCoLC)934899647 
040 |a ABA001  |b cze  |d OLA001  |e rda 
041 1 |a cze  |h eng 
072 7 |a 37  |x Výchova a vzdělávání  |2 Konspekt  |9 22 
080 |a 316.346.32-053.2  |2 MRF 
080 |a 37.03:364-212  |2 MRF 
080 |a 379.8  |2 MRF 
080 |a 37.03-053.6  |2 MRF 
080 |a 37.091.33:316.6  |2 MRF 
080 |a (035)  |2 MRF 
080 |a (076.1)  |2 MRF 
100 1 |a Rogers, Vanessa,  |d 1963-  |7 jo2011655075  |4 aut 
240 1 0 |a Games and activities for exploring feelings with children.  |l Česky 
245 1 0 |a Hry a aktivity pro zkoumání emocí :  |b pro děti školního věku /  |c Vanessa Rogers ; z anglického originálu Games and activities for exploring feelings with children přeložila Kateřina Pietrasová 
250 |a Vydání první 
264 1 |a Praha :  |b Portál,  |c 2015 
300 |a 143 stran ;  |c 21 cm 
336 |a text  |b txt  |2 rdacontent 
337 |a bez média  |b n  |2 rdamedia 
338 |a svazek  |b nc  |2 rdacarrier 
650 0 7 |a děti a mládež  |7 ph119707  |2 czenas 
650 0 7 |a prevence (sociální problémy)  |7 ph138923  |2 czenas 
650 0 7 |a pedagogika volného času  |7 ph115704  |2 czenas 
650 0 7 |a výchova mládeže  |7 ph127427  |2 czenas 
650 0 7 |a sociálněpsychologické hry  |7 ph173208  |2 czenas 
650 0 9 |a children and youth  |2 eczenas 
650 0 9 |a prevention (social problems)  |2 eczenas 
650 0 9 |a leisure education  |2 eczenas 
650 0 9 |a youth education  |2 eczenas 
650 0 9 |a social psychological games  |2 eczenas 
655 7 |a příručky  |7 fd133209  |2 czenas 
655 7 |a pracovní listy  |7 fd250497  |2 czenas 
655 9 |a handbooks and manuals  |2 eczenas 
655 9 |a activity pages  |2 eczenas 
700 1 |a Pietrasová, Kateřina,  |d 1969-  |7 xx0117166  |4 trl 
910 2 |a BOA001  |b 2-1357.048 
990 |a BK 
995 |a 01 
991 |b 201511  |c NOV  |e n 
996 6 |b 2610650219  |c 2-1357.048  |l MZK  |r Sklad / do 1 hodiny  |n 6  |p p.v.  |w 001530639  |u 000010  |a 1  |e BOA001  |j MZK50  |s P